000 01600nam a22002177a 4500
999 _c357811
_d357811
003 IT-MiCISF
005 20180406152518.0
008 180406b ||||| |||| 00| 0 eng d
040 _cIT-MiCISF
041 _ait
100 _aSartor Paolo
_956892
245 _aIl segreto di una vita felice
_bItinerario per coppie con il libro di Tobia
260 _aBologna
_bDehoniane
_c2017
300 _app. 126
500 _apastorale-familiare, spiritualità-coniugale, progetto
520 _aIl volumetto, si pone in stretta correlazione con l'esortazione apostolica Amoris laetitia, fa parte dell'itinerario di iniziazione degli adulti. In concreto, l'itinerario per coppie è articolato su un anno pastorale da settembre a giugno o, in ogni caso, in un tempo congruo in cui possano essere situate le nove tappe previste dal cammino. Il libro di Tobia, racconto sapienziale che narra la vicenda di due famiglie, accompagna il percorso delle coppie e del gruppo, al fine di cogliere la modalità di presenza di Dio nella vita dei credenti. Oltre all'approfondimento biblico e tematico, ogni tappa viene arricchita con la visione di un film inerente al tema o il suggerimento di un libro sull'argomento. La mistagogia degli adulti si alimenta nella preghiera e nella docilità allo Spirito. Per questa ragione si propongono alcuni semplici esercizi di preghiera da attuare in famiglia e qualche pagina per letture personali e di coppia, valorizzando in particolare alcuni salmi.
650 _apastorale-familiare
_956039
654 _asussidio
700 _aNoceti Serena
_956893
942 _2ddc
_cBK